000 00322nam a22001457a 4500
008 230831b ||||| |||| 00| 0 eng d
020 _a902770466
041 _aeng
080 _a621
082 _a621BUB
100 _a19
101 _aIE
245 _aTHE INTERPRETATION OF QUANTUM MECHANICS
_cBUB.J
942 _2udc
_cBK
999 _c60225
_d60225